| 000 | 01392cam a2200313 4500 | ||
|---|---|---|---|
| 008 | 000000n2001 000 0 eng u | ||
| 020 | _a0632058870 | ||
| 035 | _a(Sirsi) u109838 | ||
| 050 | _a658.202 | ||
| 110 |
_aBuilding Performance Group _93984 |
||
| 245 | _aBuilding services component life manual. | ||
| 260 |
_aOxford _bBlackwell Science _c2001 |
||
| 300 | _axvii, 147p. ; 30cm. | ||
| 350 | _a69.50 | ||
| 520 | _aThis book provides guidance on whole life performance of building services components, which often accounts for 60% of a building's running costs. Service lives of components are ranked according to recognised quality benchmarks, with adjustment factors for differing environments, use patterns and operational regimes. Summaries of typical inspections and maintenance requirements are also included. | ||
| 650 | _aWHOLE-LIFE COSTING | ||
| 650 | _aLIFE CYCLE COSTING | ||
| 650 | _aBUILT ENVIRONMENT-BUILDING MAINTENANCE AND REFURBISHMENT | ||
| 650 |
_aBlock management _96220 |
||
| 650 |
_aFACILITIES MANAGEMENT _96240 |
||
| 650 | _aELECTRICAL SERVICES | ||
| 650 | 2 | 4 | _aLIFE EXPECTANCY |
| 650 | _aHEATING | ||
| 650 | _aLIGHTING | ||
| 650 | _aVENTILATION | ||
| 650 | _aBUILT ENVIRONMENT-BUILDING ELEMENTS-COMPLETE BUILDING SERVICES ELEMENTS-COMPLETE HEATING, VENTILATION AND AIR CONDITIONING SYSTEMS | ||
| 690 | _aBUILT ENVIRONMENT | ||
| 942 | _n0 | ||
| 999 |
_c101005 _d101005 |
||